Fr. Conceicao Rodrigues College of Engineering

Tooling Manual (Record no. 27295)

MARC details
000 -LEADER
fixed length control field 00252nam a2200121Ia 4500
082 ## - DEWEY DECIMAL CLASSIFICATION NUMBER
Classification number 621.9
100 ## - MAIN ENTRY--PERSONAL NAME
Personal name American Machinist
245 ## - TITLE STATEMENT
Title Tooling Manual
260 ## - PUBLICATION, DISTRIBUTION, ETC.
Name of publisher, distributor, etc. American machinist
Date of publication, distribution, etc. 2001
546 ## - LANGUAGE NOTE
Language note ENGLISH
654 ## - SUBJECT ADDED ENTRY--FACETED TOPICAL TERMS
Focus term Tooling
942 ## - ADDED ENTRY ELEMENTS (KOHA)
Koha item type BOOK
Holdings
Withdrawn status Lost status Damaged status Not for loan Collection Home library Current library Shelving location Date acquired Cost, normal purchase price Total Checkouts Full call number Barcode Date last seen Cost, replacement price Price effective from Koha item type
        AFT Fr. Agnel's C.Rodrigues College of Engineering Fr. Agnel's C.Rodrigues College of Engineering   17/03/2023 10.00   621.9 AFT123 17/03/2023 10.00 17/03/2023 BOOK